Languages Of The Soviet Union (USSR) - Statistics

General Stats
  • This quiz has been taken 3,953 times
  • The average score is 17 of 24
Answer Stats
Status Language % Correct
Official Russian
100%
Regional Ukrainian
96%
Regional Belarusian
92%
Regional Estonian
92%
Regional Kazakh
92%
Regional Latvian
92%
Regional Lithuanian
92%
Regional Armenian
90%
Regional Georgian
90%
Regional Uzbek
90%
Regional Tajik
88%
Regional Turkmen
87%
Regional Azerbaijani
86%
Regional Moldavian
85%
Regional Kyrgyz
83%
Minority Finnish
59%
Minority Tatar
55%
Minority Chechen
49%
Minority German
46%
Minority Korean
35%
Minority Ossetian
27%
Minority Bashkir
22%
Minority Abkhaz
21%
Minority Buryat
15%
No matching quizzes found
Score Distribution
Percent of People with Each Score
Percentile by Number Answered
Your Score History
You have not taken this quiz